LIBRARY & INFORMATION CENTRE, KCAET, TAVANUR

ONLINE PUBLIC ACCESS CATALOGUE (OPAC)

Non-Violence in peace and war, vol 2 / (Record no. 1142)

MARC details
000 -LEADER
fixed length control field 00430cam a2200169ua 4500
041 ## - LANGUAGE CODE
Language code of text/sound track or separate title eng
082 ## - DEWEY DECIMAL CLASSIFICATION NUMBER
Classification number 320.58 G
Item number GAN/NON
100 ## - MAIN ENTRY--AUTHOR NAME
Personal name Gandhi, M.K .
245 ## - TITLE STATEMENT
Title Non-Violence in peace and war, vol 2 /
260 ## - PUBLICATION, DISTRIBUTION, ETC. (IMPRINT)
Place of publication Ahmadabad :
Name of publisher Navajivan publishing house ,
Year of publication 1960.
300 ## - PHYSICAL DESCRIPTION
Number of Pages 393 ; .
942 ## - ADDED ENTRY ELEMENTS (KOHA)
Koha item type Books
Holdings
Withdrawn status Lost status Damaged status Home library Current library Date acquired Cost, normal purchase price Full call number Accession Number Koha item type
Withdrawn     KAUAET KAUAET 07/04/2012 5.00 320.58 G 2346 Books
free website counter